| 000 | 00511nam a2200181Ia 4500 | ||
|---|---|---|---|
| 003 | GCL | ||
| 008 | 140319s9999 xx 000 0 eng d | ||
| 040 |
_aGCL / _cGCL |
||
| 082 | 0 | 4 |
_a700.92 _bR R |
| 100 | 1 | _aRAGON, MICHEL | |
| 245 | 1 | 0 |
_aLE REGARD ET LA MEMOIRE: PORTRAITS - SAUVENIRS DE ATLAN AND POLIAKAFF, DUBERFFET / _cRAGON, MICHEL |
| 260 |
_a[S.N] : _bALBIN MICHEL, S.A ، _c1998 |
||
| 300 | _a199 P | ||
| 650 | 0 | 4 | _aARTS |
| 650 | 0 | 4 | _aBIOGRAPHIES |
| 650 | 0 | 4 | _aARTIST - BIOGRAPHIES |
| 942 |
_2ddc _cBK |
||
| 999 |
_c16174 _d16174 |
||